Encore Doris! /
Saved in:
| 主要作者: | |
|---|---|
| 格式: | 图书 |
| 语言: | French |
| 出版: |
Montréal :
Éditions A. Stanké,
1997.
|
| 主题: | |
| 标签: |
添加标签
没有标签, 成为第一个标记此记录!
|
| LEADER | 00756nam a22002538a 4500 | ||
|---|---|---|---|
| 001 | 007744265-2 | ||
| 005 | 20020606104010.5 | ||
| 008 | 970918s1997 quca 00000dfre c | ||
| 010 | |a cn 97941228 | ||
| 015 | |a C97-941228-5 | ||
| 020 | |a 2760405230 | ||
| 035 | 0 | |a ocm37982124 | |
| 040 | |a CaQMBN |b fre |c CaQMBN | ||
| 043 | |a n-cn-qu | ||
| 082 | 0 | |a 792/.028/092 |2 21 | |
| 100 | 1 | |a Lussier, Doris. | |
| 245 | 1 | 0 | |a Encore Doris! / |c Doris Lussier. |
| 260 | |a Montréal : |b Éditions A. Stanké, |c 1997. | ||
| 300 | |a 177 p. : |b ill. ; |c 23 cm. | ||
| 600 | 1 | 0 | |a Lussier, Doris, |d 1918-1993 |v Correspondence. |
| 650 | 0 | |a Actors |z Québec (Province) |v Correspondence. | |
| 650 | 0 | |a Humorists, Canadian |z Québec (Province) |v Correspondence. | |
| 988 | |a 20020608 | ||
| 906 | |0 OCLC | ||


